000 02280cam a2200505 a 4500
999 _c7378
_d7378
001 15118174
003 GZU
005 20210510102914.0
008 071219m20079999enka b i001 0 eng
010 _a 2007300362
015 _aGBA764113
_2bnb
016 7 _a013818132
_2Uk
020 _a9780821371114 (v. 1 : hbk.)
020 _a0821371118 (v. 1 : hbk.)
020 _a9780821369913 (v. 1 : pbk.)
020 _a0821369911 (v. 1 : pbk.)
020 _a9780821372159 (v. 2 : pbk.)
020 _a9780821378366 (v. 2 : hbk.)
020 _a9780821372173 (v. 3 : pbk.)
020 _a9780821376317 (v. 4 : pbk.)
035 _a(OCoLC)ocn165409566
040 _aUKM
_cUKM
_dBTCTA
_dBAKER
_dYDXCP
_dC#P
_dBWX
_dDLC
042 _alccopycat
050 0 0 _aHC59.72 MOV 2007
_bM68 2007
082 0 4 _a339.46091724
_222
245 0 0 _aMoving out of poverty, volume 1:
_bCross- disciplinary perspectives on mobility /
_cDeepa Narayan and Patti Petesch, editors
260 _aBasingstoke ;
_aNew York :
_bPalgrave ;
_aWashington, D.C. :
_bWorld Bank,
_cc2007-<c2010 >
300 _av. <1-4 > :
_bill. ;
_c24 cm.
500 _aIncludes bibliography
504 _aIncludes bibliographical references and index.
505 1 _av. 1. Cross-disciplinary perspectives on mobility / Deepa Narayan and Patti Petesch, editors -- v. 2. Success from the bottom up / Deepa Narayan, Lant Pritchett, and Soumya Kapoor -- v. 3. The promise of empowerment and democracy in India / Deepa Narayan, editor -- v. 4. Rising from the ashes of conflict / Deepa Narayan and Patti Petesch, editors
650 0 _aPoverty
_zDeveloping countries.
650 0 _aSocial mobility
_xEconomic aspects
_zDeveloping countries.
650 0 _aMigrant labor
_zDeveloping countries.
651 0 _aDeveloping countries
_xEconomic conditions.
700 1 _aNarayan-Parker, Deepa.
700 1 _aPetesch, Patti L.
700 1 _aPritchett, Lant.
700 1 _aKapoor, Soumya.
906 _a7
_bcbc
_ccopycat
_d2
_encip
_f20
_gy-gencatlg
942 _2lcc
_cBK
_h59.72
_iMOV
_kHC